000 00659nam a2200253Ia 4500
003 OSt
005 20220918193156.0
006 a|||||r|||| 00| 0
007 ta
008 220917b |||||||| |||| 00| 0 eng d
024 _a72,156
037 _cTextual
040 _aARTS
_cARTS
_beng
041 _2eng
_aeng
082 _aR4,(L), M2
100 _aWinslow Gerald R
_981162
245 0 _aTriage and justice
260 _aBerkeley
_bUniv of California Press
_c1982
300 _a228p.
_ccm.
500 _aBib 207-21p; Includes index
650 _aETHICS
942 _hR4,(L), M2
_cTEXL
_2CC
999 _c198161
_d198161